Stratégia Európa 2020 s dôrazom na politiku vzdelávania bakalárska práca

Gespeichert in:
Bibliographische Detailangaben
1. Verfasser: Rigó, Orsolya
Körperschaft: Fakulta medzinárodných vzťahov EU. Katedra medzinárodných ekonomických vzťahov a hospodárskej diplomacie
Weitere Verfasser: Harakaľová, Ľubica, 1963-
Format: Buch
Sprache:Slowakisch
Veröffentlicht: Bratislava 2017
Tags: Tag hinzufügen
Keine Tags, Fügen Sie das erste Tag hinzu!

MARC

LEADER 00000nbm a2200000 4500
001 0232116
005 20180221152619.4
041 0 |a slo 
044 |a SK 
245 1 0 |a Stratégia Európa 2020 s dôrazom na politiku vzdelávania  |b bakalárska práca  |c Orsolya Rigó ; školiteľ: Ľubica Harakaľová 
264 1 |a Bratislava  |c 2017 
300 |a 68 s. 
100 1 |a Rigó, Orsolya 
700 1 |a Harakaľová, Ľubica, 1963- 
710 2 |a Fakulta medzinárodných vzťahov EU. Katedra medzinárodných ekonomických vzťahov a hospodárskej diplomacie